Možnosti evaluácie dokovacieho skóre stoviek miliónov zlúčenín
Saved in:
| Main Author: | |
|---|---|
| Other Authors: | |
| Format: | Manuscript Book |
| Language: | Slovak |
| Published: |
2024
|
| Subjects: | |
| Online Access: | http://is.stuba.sk/zp/portal_zp.pl?podrobnosti=176575 |
| Tags: |
No Tags, Be the first to tag this record!
|
MARC
| LEADER | 00000ntm a22000003a 4500 | ||
|---|---|---|---|
| 001 | stuzp99346 | ||
| 003 | SK-STU | ||
| 005 | 20240601210641.9 | ||
| 007 | ta | ||
| 008 | 150427s2015----xo-----f-mn---000-0-slo-d | ||
| 040 | |a STU |b slo | ||
| 041 | 0 | |a slo | |
| 100 | 1 | |a Dunárová, Adriána |u 045280 |4 aut |U FCHPT Ústav fyzikálnej chémie a chemickej fyziky |T FCHPT Oddelenie chemickej fyziky |X 105398 |U C5280 |Y 118 |7 105398 | |
| 242 | 0 | 1 | |a Options for evaluating the docking score of hundreds million of compounds |y eng |
| 245 | 1 | 0 | |a Možnosti evaluácie dokovacieho skóre stoviek miliónov zlúčenín |
| 260 | |c 2024 | ||
| 650 | 4 | |a predikcia dokovacieho skóre |2 slo | |
| 650 | 4 | |a SchNetPack |2 slo | |
| 650 | 4 | |a ZINC15 |2 slo | |
| 650 | 4 | |a neurónové siete |2 slo | |
| 650 | 4 | |a molekulové dokovanie |2 slo | |
| 650 | 4 | |a ZINC15 |2 eng | |
| 650 | 4 | |a docking score prediction |2 eng | |
| 650 | 4 | |a neural networks |2 eng | |
| 650 | 4 | |a SchNetPack |2 eng | |
| 650 | 4 | |a molecular docking |2 eng | |
| 700 | 1 | |a Bučinský, Lukáš |u 045280 |k Z1 |4 ths |U FCHPT Ústav fyzikálnej chémie a chemickej fyziky |T FCHPT Oddelenie chemickej fyziky |X 19736 |U C5280 |Y 118 |7 A000019736 | |
| 856 | 4 | |u http://is.stuba.sk/zp/portal_zp.pl?podrobnosti=176575 | |